00270nam a2200133Ia 4500003000900000008004100009040001300050040001300063041000800076100001800084245002000102300000800122490000600130IT-RoPAU120407s9999 xx 000 0 und d aIT-RoPAU cIT-RoPAU afra aHary Mitchell aPie X, le Saint c cm v1